[Event "Titled Tue 20th May Early"]
[Site "chess.com INT"]
[Date "2025.05.20"]
[Round "11"]
[White "Dragnev, Valentin"]
[Black "Mitrabha, Guha"]
[Result "0-1"]
[WhiteTitle "GM"]
[BlackTitle "GM"]
[WhiteElo "2540"]
[BlackElo "2515"]
[WhiteFideId "1634852"]
[BlackFideId "5057000"]
[EventDate "2025.05.20"]

1. e4 c6 2. Nc3 d5 3. Nf3 dxe4 4. Nxe4 Nf6 5. Qe2 Nxe4 6. Qxe4 Be6 7. Bc4 Bd5 8.
Bxd5 Qxd5 9. Qe2 Nd7 10. O-O e6 11. c4 Qh5 12. d4 Bd6 13. Re1 O-O-O 14. Be3 Nf6
15. h3 h6 16. Ne5 Qxe2 17. Rxe2 Bxe5 18. dxe5 Nd7 19. f4 b6 20. Rd1 Nb8 21. Red2
Rxd2 22. Rxd2 h5 23. Kf2 Na6 24. Kf3 Nc7 25. Rd6 c5 26. Bf2 Na6 27. Bh4 Kc7 28.
Ke4 Nb4 29. a3 Nc6 30. Bf2 Ne7 31. Rd2 Nc6 32. Be3 a5 33. f5 a4 34. Rf2 Na5 35.
fxe6 fxe6 36. Rf7+ Kc6 37. Kd3 Rd8+ 38. Kc3 Rd7 39. Rf8 Rd1 40. Re8 Kd7 41. Rg8
Re1 42. Rxg7+ Kc6 43. Bf4 Re4 44. g3 Rxc4+ 45. Kd3 Rd4+ 46. Ke2 Nc4 47. Re7 Kd5
48. Rd7+ Ke4 49. Re7 h4 50. Rxe6 hxg3 51. Bxg3 Rd2+ 52. Kf1 Kf3 53. Be1 Ne3+ 54.
Kg1 Rg2+ 55. Kh1 Re2 56. Rf6+ Ke4 57. Bg3 Nf5 58. Bh2 Nd4 59. e6 Kd5 60. e7 Rxe7
61. Rxb6 Re2 62. Rd6+ Kc4 63. Rf6 Rxb2 64. h4 Kd5 65. h5 c4 66. h6 Rb7 67. Rg6
c3 68. Rg7 c2 69. Bf4 Rb8 70. h7 Rh8 71. Kg2 Ne6 72. Rd7+ Ke4 73. Bc1 Nc5 74.
Ra7 Nb3 75. Rxa4+ Kd3 76. Bg5 Rxh7 77. Rb4 Nd2 78. Bxd2 Kxd2 0-1

[Event "Titled Tue 20th May Early"]
[Site "chess.com INT"]
[Date "2025.05.20"]
[Round "11"]
[White "Bardyk, Artem"]
[Black "Barria Zuniga, Daniel"]
[Result "1-0"]
[WhiteTitle "FM"]
[BlackTitle "IM"]
[WhiteElo "2284"]
[BlackElo "2341"]
[WhiteFideId "34349979"]
[BlackFideId "3400816"]
[EventDate "2025.05.20"]

1. e4 e6 2. d4 d5 3. Nc3 Bb4 4. Ne2 Nc6 5. a3 Ba5 6. b4 Bb6 7. Bb2 Nf6 8. e5 Ng4
9. Na4 O-O 10. Nf4 Qg5 11. g3 Nh6 12. h4 Qe7 13. Nxb6 axb6 14. Bd3 f6 15. Qh5
fxe5 16. dxe5 Bd7 17. O-O Rxf4 18. gxf4 Rf8 19. Bc1 Nd4 20. Be3 Ndf5 21. Qg5 Qf7
22. h5 d4 23. Bd2 c5 24. bxc5 bxc5 25. Be4 Bc6 26. Bxc6 bxc6 27. a4 Qd7 28. a5
Qd5 29. Qg2 Qc4 30. Qxc6 Nh4 31. a6 Qxc2 32. a7 Qf5 33. a8=Q Qg4+ 34. Qg2 Qxh5
35. Qxf8+ Kxf8 36. Ra8+ Kf7 37. Ra7+ Ke8 38. Qa8# 1-0

[Event "Titled Tue 20th May Early"]
[Site "chess.com INT"]
[Date "2025.05.20"]
[Round "11"]
[White "Waldhausen Gordon, Frederick"]
[Black "Hungaski, Robert"]
[Result "1-0"]
[WhiteTitle "FM"]
[BlackTitle "GM"]
[WhiteElo "2397"]
[BlackElo "2477"]
[WhiteFideId "2409143"]
[BlackFideId "2021030"]
[EventDate "2025.05.20"]

1. d4 e6 2. Nf3 f5 3. c4 Bb4+ 4. Bd2 Bxd2+ 5. Qxd2 Nf6 6. Nc3 O-O 7. g3 d6 8.
Bg2 c6 9. O-O Bd7 10. c5 d5 11. Ne5 Be8 12. Qe3 Qe7 13. f3 Nbd7 14. Nd3 Bf7 15.
b4 a6 16. Rfc1 Rae8 17. Ne5 Nxe5 18. dxe5 Nd7 19. f4 Bh5 20. Qd4 h6 21. a4 g5
22. e3 Kh7 23. Kf2 Rg8 24. Rab1 Rb8 25. Na2 Rgc8 26. Rc3 Be8 27. Nc1 Nf8 28. Nd3
Ng6 29. Bf3 g4 30. Be2 h5 31. Ke1 h4 32. Kd2 Kg7 33. Rg1 hxg3 34. hxg3 Bd7 35.
Rh1 Rh8 36. Rcc1 Rxh1 37. Rxh1 Rh8 38. Qa1 Qd8 39. Qf1 a5 40. Rxh8 Nxh8 41. Qb1
axb4 42. Qxb4 Bc8 43. Qb6 Qe7 44. a5 Nf7 45. Nb4 Nd8 46. a6 bxa6 47. Nxc6 Nxc6
48. Qxc6 Qd8 49. Qb6 Qd7 50. Bxa6 Bxa6 51. Qxa6 Qc7 52. c6 Qb8 53. Qb7+ 1-0

[Event "Titled Tue 20th May Early"]
[Site "chess.com INT"]
[Date "2025.05.20"]
[Round "11"]
[White "Terron Elena, Francisco M."]
[Black "Logachiov, Aleksandr"]
[Result "0-1"]
[WhiteTitle "FM"]
[BlackTitle "CM"]
[WhiteElo "2148"]
[BlackElo "2129"]
[WhiteFideId "2210576"]
[BlackFideId "24123706"]
[EventDate "2025.05.20"]

1. e4 c5 2. Nf3 d6 3. d4 cxd4 4. Nxd4 Nf6 5. Nc3 a6 6. g3 e5 7. Nde2 Be7 8. Bg2
b5 9. a4 b4 10. Nd5 Nxd5 11. Qxd5 Ra7 12. Be3 Rb7 13. a5 Rb5 14. Qd2 Rxa5 15.
O-O O-O 16. Qxb4 Rb5 17. Qc3 Nd7 18. Rfd1 Nf6 19. h3 Bb7 20. f3 Qa8 21. g4 d5
22. Qxe5 dxe4 23. Qxe7 exf3 24. Nd4 Rxb2 25. Bf1 Re8 26. Qa3 Rb6 27. Bf2 Ne4 28.
Nf5 Rg6 29. Ne7+ Kh8 30. Nxg6+ hxg6 31. Qxf3 Ng5 32. Qg3 Nf3+ 33. Kh1 Ne1+ 34.
Kh2 Nf3+ 35. Kh1 Ne1+ 36. Bg2 Nxg2 37. Kh2 g5 38. Ra3 Nf4 39. Bd4 Ne2 40. Qd3
Nf4 41. Qf5 Re2+ 42. Kg1 Rg2+ 43. Kf1 Be4 44. Qxg5 Ng6 45. Bxg7+ Kxg7 46. Re3
Rxc2 47. Rd7 Bd3+ 48. Rdxd3 Qg2+ 49. Ke1 Qg1# 0-1

[Event "Titled Tue 20th May Early"]
[Site "chess.com INT"]
[Date "2025.05.20"]
[Round "11"]
[White "Tologon tegin, Semetei"]
[Black "Matyakubov, Miraziz"]
[Result "1/2-1/2"]
[WhiteTitle "IM"]
[BlackTitle "CM"]
[WhiteElo "2313"]
[BlackElo "2272"]
[WhiteFideId "13800574"]
[BlackFideId "14215772"]
[EventDate "2025.05.20"]

1. d4 Nf6 2. c4 e6 3. Nc3 d5 4. Nf3 Be7 5. Bf4 O-O 6. e3 c5 7. a3 Nc6 8. dxc5
Bxc5 9. b4 Be7 10. cxd5 exd5 11. Bd3 Bg4 12. h3 Bh5 13. Be2 Rc8 14. Rc1 Nxb4 15.
axb4 Bxb4 16. Be5 Ne4 17. Qb3 Qa5 18. O-O Bxc3 19. Qxb7 Qb6 20. Qxd5 Bxf3 21.
Bxf3 Nf6 22. Bxf6 Bxf6 23. Be4 Rxc1 24. Rxc1 a5 25. Qa2 Qb4 26. Bd5 Be5 27.
Bxf7+ Kh8 28. Bb3 Bb8 29. g3 h6 30. Qc2 Qb6 31. Ba2 a4 32. Bb1 g6 33. Qxa4 Bxg3
34. Rf1 Bxf2+ 35. Rxf2 Qxb1+ 36. Kg2 Rxf2+ 37. Kxf2 Qf5+ 38. Qf4 Qxf4+ 39. exf4
Kg7 40. Ke3 Kf6 41. Ke4 Ke6 42. Ke3 Kf5 43. Kf3 Kf6 44. Ke3 Ke6 45. Kf3 Kf5 46.
Ke3 h5 47. Kf3 h4 48. Ke3 Kf6 49. Ke4 Ke6 50. Ke3 Kf5 51. Kf3 g5 52. fxg5 Kxg5
53. Ke4 Kh5 54. Kf5 Kh6 55. Kg4 Kh7 56. Kxh4 Kh8 57. Kh5 Kh7 58. Kg5 Kh8 59. Kh6
Kg8 60. h4 Kh8 61. h5 Kg8 62. Kg6 Kh8 63. Kf6 Kh7 64. Kg5 Kh8 65. Kh6 Kg8 66.
Kg6 Kh8 67. h6 Kg8 68. Kg5 Kh8 69. Kh5 Kh7 70. Kg5 Kh8 71. Kg6 Kg8 72. h7+ Kh8
73. Kh6 1/2-1/2

[Event "Titled Tue 20th May Early"]
[Site "chess.com INT"]
[Date "2025.05.20"]
[Round "11"]
[White "Grodotzki, Kenneth"]
[Black "Napoli, Nicolo"]
[Result "0-1"]
[WhiteTitle "CM"]
[BlackTitle "FM"]
[WhiteElo "1984"]
[BlackElo "2245"]
[WhiteFideId "4648560"]
[BlackFideId "813702"]
[EventDate "2025.05.20"]

1. f4 c5 2. Nf3 h6 3. g3 Nc6 4. Bg2 g5 5. d3 g4 6. Nh4 e6 7. e4 Be7 8. Qxg4 h5
9. Qh3 Nf6 10. Na3 Ng4 11. Bd2 a6 12. Rf1 b5 13. O-O-O Nd4 14. c3 Ne2+ 15. Kb1
b4 16. Nc4 bxc3 17. bxc3 Rb8+ 18. Ka1 d5 19. Ne5 Bf6 20. Bf3 dxe4 21. Bxe2 e3
22. Be1 Nxe5 23. fxe5 Bxe5 24. Qg2 Qa5 25. Rc1 Qb4 26. Bf3 Bb7 27. Bxb7 Rxb7 28.
Qc2 Ke7 29. Nf3 Bg7 30. d4 Qa5 31. Ne5 Bxe5 32. dxe5 Rhb8 33. Bf2 Qa3 34. Bxe3
Rb2 35. Bg5+ Ke8 36. Qb3 R2xb3 37. Rf2 Rxc3 38. Rb1 Rxb1+ 39. Kxb1 Qb4+ 40. Ka1
Qe4 41. Rc2 Qxc2 42. Bc1 Rd3 43. Bb2 Rd1+ 44. Bc1 Rxc1# 0-1

[Event "Titled Tue 20th May Early"]
[Site "chess.com INT"]
[Date "2025.05.20"]
[Round "11"]
[White "Souleidis, Georgios"]
[Black "Nugumanov, Bakhtiyar"]
[Result "0-1"]
[WhiteTitle "IM"]
[BlackTitle "IM"]
[WhiteElo "2418"]
[BlackElo "2305"]
[WhiteFideId "4206827"]
[BlackFideId "13701797"]
[EventDate "2025.05.20"]

1. e4 e6 2. d4 d5 3. Nc3 Bb4 4. Ne2 dxe4 5. a3 Bxc3+ 6. Nxc3 Nc6 7. d5 exd5 8.
Qxd5 Be6 9. Qxe4 Nf6 10. Qa4 O-O 11. Bd2 Re8 12. O-O-O Ng4 13. Qf4 Qd4 14. Qxd4
Nxd4 15. Be1 Rad8 16. h3 Ne5 17. Bd2 Bf5 18. f4 Bxc2 19. fxe5 Bxd1 20. Kxd1 Nb3
21. Nb1 Rxe5 22. Bc4 Nxd2 23. Nxd2 Re4 24. Kc2 Rxd2+ 25. Kxd2 Rxc4 26. Kd3 Rc6
27. Re1 Kf8 28. b4 Ra6 29. Ra1 Ke7 30. Kc4 Kd7 31. b5 Ra4+ 32. Kb3 Re4 33. Rd1+
Kc8 34. Rd3 c5 35. bxc6 bxc6 36. Rf3 f6 37. Rg3 g6 38. Rd3 Kc7 39. Kc3 f5 40.
Rd1 Re2 41. g4 f4 42. g5 Re3+ 43. Kb4 Rxh3 44. Rf1 f3 45. Kc5 a6 46. a4 a5 47.
Re1 f2 48. Re7+ Kd8 49. Rf7 Rh5 50. Kd6 Ke8 51. Rxf2 Rxg5 52. Kxc6 h5 53. Kb6
Ke7 54. Rc2 h4 55. Rc7+ Kd6 56. Rh7 Rh5 57. Rg7 g5 58. Kxa5 h3 59. Kb6 h2 60.
Rg6+ Ke5 0-1

[Event "Titled Tue 20th May Early"]
[Site "chess.com INT"]
[Date "2025.05.20"]
[Round "11"]
[White "Purtseladze, Maka"]
[Black "Brancaleoni, Maurizio"]
[Result "1-0"]
[WhiteTitle "IM"]
[BlackTitle "FM"]
[WhiteElo "2261"]
[BlackElo "2185"]
[WhiteFideId "13602659"]
[BlackFideId "803022"]
[EventDate "2025.05.20"]

1. e4 c6 2. d4 d5 3. exd5 cxd5 4. Bd3 Nc6 5. c3 Nf6 6. h3 e5 7. dxe5 Nxe5 8. Nf3
Nxd3+ 9. Qxd3 Bd6 10. O-O O-O 11. Nbd2 h6 12. Re1 Re8 13. Rxe8+ Qxe8 14. Nb3 Qe4
15. Qd4 b6 16. Be3 Ba6 17. Rd1 Qxd4 18. Nfxd4 Re8 19. Nf5 Bf8 20. a4 Be2 21. Rd2
Bc4 22. Nbd4 Ne4 23. Rd1 h5 24. b3 Nxc3 25. Rc1 Ne2+ 26. Nxe2 Bxe2 27. Rc7 Bd3
28. Nd4 Bc5 29. Rxa7 b5 30. Rc7 Bxd4 31. Bxd4 bxa4 32. bxa4 Ra8 33. Ba7 f6 34.
a5 Bc4 35. Bb6 Kh7 36. Rd7 Kg6 37. g4 hxg4 38. hxg4 Re8 39. Be3 Ra8 40. Bd2 Ra6
41. f4 f5 42. g5 Kh5 43. Rxg7 Rg6 44. Rxg6 Kxg6 45. Kf2 Kh5 46. Ke3 Kg6 47. Kd4
Kf7 48. Kc5 Ke6 49. Bc3 1-0

[Event "Titled Tue 20th May Early"]
[Site "chess.com INT"]
[Date "2025.05.20"]
[Round "11"]
[White "Mafra, Kaiser Luiz"]
[Black "Khodabandeh, Milad"]
[Result "1-0"]
[WhiteTitle "CM"]
[BlackTitle "CM"]
[WhiteElo "2094"]
[BlackElo "1957"]
[WhiteFideId "2106698"]
[BlackFideId "12538620"]
[EventDate "2025.05.20"]

1. d4 d5 2. Nc3 c6 3. Bf4 Nf6 4. e3 Bf5 5. f3 h6 6. g4 Bg6 7. Bd3 Bxd3 8. Qxd3
Qb6 9. O-O-O Nbd7 10. h4 e6 11. Nge2 O-O-O 12. g5 Nh5 13. Bh2 g6 14. e4 Qa5 15.
Kb1 dxe4 16. Nxe4 Nc5 17. Qe3 Nxe4 18. fxe4 hxg5 19. hxg5 Bd6 20. e5 Be7 21. Nc3
Rd7 22. Ne4 Rhd8 23. c3 c5 24. Rhf1 cxd4 25. Rxd4 Rxd4 26. cxd4 Qa4 27. Rxf7
Qd1+ 28. Qc1+ Qxc1+ 29. Kxc1 Rxd4 30. Nd6+ Kd7 31. Bg1 Rg4 32. Be3 Rg3 33. Bc5
b6 34. Ba3 Rxg5 35. Rxe7+ Kc6 36. Rxe6 Kd5 37. Re8 Rxe5 38. Rxe5+ Kxe5 39. Nc8
Kd5 40. Nxa7 g5 41. Kd2 g4 42. Ke2 1-0

[Event "Titled Tue 20th May Early"]
[Site "chess.com INT"]
[Date "2025.05.20"]
[Round "11"]
[White "Thorhallsson, Simon"]
[Black "Arslanov, Shamil"]
[Result "1/2-1/2"]
[WhiteTitle "FM"]
[BlackTitle "IM"]
[WhiteElo "2218"]
[BlackElo "2410"]
[WhiteFideId "2310090"]
[BlackFideId "4192826"]
[EventDate "2025.05.20"]

1. e4 d5 2. exd5 Qxd5 3. h3 Nf6 4. Nf3 Nc6 5. Nc3 Qa5 6. Bc4 g5 7. d3 g4 8. Ng5
Ne5 9. Bd2 Nxc4 10. dxc4 Qe5+ 11. Kf1 h6 12. hxg4 Bxg4 13. Nf3 Qc5 14. b3 O-O-O
15. Qe1 Bxf3 16. gxf3 Qf5 17. Qe2 Qxc2 18. Rd1 e6 19. Rh4 Bb4 20. Nd5 Nxd5 21.
cxd5 Rxd5 22. Rxb4 Rhd8 23. Rc4 Qxa2 24. Rdc1 Qxd2 25. Rxc7+ Kb8 26. Qxd2 Rxd2
27. Rxf7 R2d7 28. Rf6 Rd3 29. Rxh6 Rxb3 30. Rxe6 Rxf3 31. Re7 a5 32. Rb1 Rd2 33.
Rbxb7+ Kc8 34. Rec7+ Kd8 35. Rh7 Rdxf2+ 36. Ke1 Kc8 37. Ra7 Kb8 38. Rag7 Rf8 39.
Rb7+ Kc8 40. Rbc7+ Kb8 41. Rb7+ Kc8 42. Rbc7+ Kd8 43. Rcd7+ Kc8 44. Rc7+ 1/2-1/2

[Event "Titled Tue 20th May Early"]
[Site "chess.com INT"]
[Date "2025.05.20"]
[Round "11"]
[White "Papasimakopoulos, Alexandros"]
[Black "Ebrahimi Herab, Hamidreza"]
[Result "1-0"]
[WhiteTitle "IM"]
[BlackTitle "FM"]
[WhiteElo "2366"]
[BlackElo "2404"]
[WhiteFideId "4244125"]
[BlackFideId "22512888"]
[EventDate "2025.05.20"]

1. d4 Nf6 2. c4 g6 3. Nc3 d5 4. Nf3 Bg7 5. Bg5 Ne4 6. Bf4 Nxc3 7. bxc3 dxc4 8.
e3 Be6 9. Qb1 Nd7 10. Qxb7 O-O 11. Qxc7 Qe8 12. Qa5 Nb6 13. Be2 Qc6 14. O-O Bd5
15. Rfb1 f6 16. Rb5 h5 17. h4 e6 18. Rc5 Qa4 19. Ne1 Rfc8 20. Bd1 Qd7 21. Rxc8+
Rxc8 22. Rb1 e5 23. Bg3 exd4 24. exd4 Re8 25. Bf3 Kh7 26. Bxd5 Nxd5 27. Nf3 Qf5
28. Rb7 Re7 29. Rxe7 Nxe7 30. Qxf5 gxf5 31. Nd2 Nd5 32. Nxc4 f4 33. Bh2 Nxc3 34.
Kf1 Nxa2 35. Bxf4 Nb4 36. Ke2 Kg6 37. Bd2 Nd5 38. Kd3 Kf5 39. f3 Bf8 40. Ne3+
Ke6 41. Nxd5 Kxd5 42. g4 Bg7 43. gxh5 f5 44. Be3 Bf6 45. h6 Bxh4 46. Bf4 Ke6 47.
h7 Bg5 48. h8=Q 1-0

[Event "Titled Tue 20th May Early"]
[Site "chess.com INT"]
[Date "2025.05.20"]
[Round "11"]
[White "Matinian, Nikita"]
[Black "Sjugirov, Sanan"]
[Result "0-1"]
[WhiteTitle "GM"]
[BlackTitle "GM"]
[WhiteElo "2420"]
[BlackElo "2638"]
[WhiteFideId "24129100"]
[BlackFideId "4189302"]
[EventDate "2025.05.20"]

1. e4 c5 2. Nf3 d6 3. d4 cxd4 4. Nxd4 Nf6 5. Nc3 a6 6. h3 e5 7. Nb3 Be7 8. Be3
Nbd7 9. g4 h6 10. Qd2 Nf8 11. O-O-O Ng6 12. f3 Be6 13. h4 h5 14. g5 Nd7 15. Nd5
Bxd5 16. Qxd5 Qc7 17. c3 O-O 18. Bh3 Nb6 19. Qa5 Bd8 20. Bxb6 Qxb6 21. Qxb6 Bxb6
22. Rxd6 Be3+ 23. Kc2 Nxh4 24. g6 Nxg6 25. Na5 Nf4 26. Nxb7 g6 27. Bf1 a5 28.
Bc4 Rfc8 29. b3 Rc7 30. Nd8 Kg7 31. a4 g5 32. Bd5 Rac8 33. Bc4 h4 34. Rdd1 Bb6
35. Nxf7 Rxc4 36. bxc4 Kxf7 37. Rd6 Bc5 38. Ra6 h3 39. Rxa5 Kg6 40. Rb5 Kh5 41.
a5 Kh4 42. a6 Kg3 43. Ra1 h2 44. Rxc5 Rxc5 45. a7 Rc8 46. Kb3 Ra8 47. Kb4 Rxa7 0-1

[Event "Titled Tue 20th May Early"]
[Site "chess.com INT"]
[Date "2025.05.20"]
[Round "11"]
[White "Skytte, Robert"]
[Black "Hambardzumian, Yuri"]
[Result "0-1"]
[BlackTitle "IM"]
[WhiteElo "2007"]
[BlackElo "2301"]
[WhiteFideId "1471775"]
[BlackFideId "13302795"]
[EventDate "2025.05.20"]

1. e4 e6 2. d4 d5 3. Nc3 Nf6 4. e5 Nfd7 5. f4 c5 6. Nf3 Nc6 7. Be3 Be7 8. Bd3 f6
9. O-O O-O 10. Nb5 cxd4 11. Nbxd4 Nc5 12. c3 Nxd3 13. Qxd3 f5 14. Rae1 a5 15.
Nb5 Bd7 16. Nd6 Bc8 17. Bc5 b6 18. Ba3 Ba6 19. c4 Bxd6 20. Bxd6 Bxc4 21. Qd2
Bxf1 22. Rxf1 Rf7 23. Rc1 Rc8 24. Nd4 Nxd4 25. Rxc8 Qxc8 26. Qxd4 Qc1+ 27. Kf2
Qc2+ 28. Kg3 Qc6 29. Qd3 h6 30. b3 Rd7 31. Qd4 Rd8 32. h4 Rc8 33. Kh3 Qc3+ 34.
Qxc3 Rxc3+ 35. g3 b5 36. Be7 a4 37. bxa4 bxa4 38. a3 Kf7 39. Bb4 Rb3 40. Kg2
Rxb4 41. axb4 a3 42. b5 a2 43. b6 a1=Q 44. b7 Qb2+ 45. Kh3 Qxb7 46. g4 fxg4+ 47.
Kxg4 h5+ 48. Kg5 Qb1 49. f5 Qxf5# 0-1

[Event "Titled Tue 20th May Early"]
[Site "chess.com INT"]
[Date "2025.05.20"]
[Round "11"]
[White "Koridze, Lile"]
[Black "May Sanchez, Andres Elias"]
[Result "0-1"]
[WhiteTitle "WFM"]
[WhiteElo "2110"]
[BlackElo "2209"]
[WhiteFideId "13612514"]
[BlackFideId "5150973"]
[EventDate "2025.05.20"]

1. d4 Nf6 2. c4 e6 3. Nf3 c5 4. d5 exd5 5. cxd5 d6 6. Nc3 g6 7. e4 Bg7 8. Bd3
O-O 9. O-O Bg4 10. h3 Bxf3 11. Qxf3 Nbd7 12. Bf4 Ne8 13. Rad1 Ne5 14. Qg3 a6 15.
a4 Nc7 16. Be2 Rb8 17. Bg5 Qe8 18. Be3 b5 19. axb5 axb5 20. f4 Nc4 21. Bxc4 bxc4
22. e5 Rxb2 23. exd6 Nb5 24. Na4 Re2 25. Bxc5 c3 26. d7 Qxd7 27. Bxf8 Kxf8 28.
Rfe1 c2 29. Rc1 Nd4 30. Qa3+ Kg8 31. d6 Qc6 32. Qg3 Qxa4 33. Kh2 Qd7 34. Rxe2
Nxe2 35. Qe3 Nxc1 36. Qe7 Qxe7 37. dxe7 Nd3 38. e8=Q+ Bf8 39. Qe4 c1=Q 40. Qxd3
Qxf4+ 41. Kg1 Bc5+ 42. Kh1 Bd6 43. Kg1 Qh2+ 44. Kf2 Qf4+ 45. Ke2 h5 46. Qa6 Qe5+
47. Kf1 Kg7 48. Qc4 Qf4+ 49. Qxf4 Bxf4 50. Kf2 h4 51. Kf3 Bg3 52. Kg4 Kf6 53.
Kf3 Ke5 54. Kg4 Kd4 55. Kg5 Kd3 56. Kf6 Ke3 57. Kxf7 Kf2 58. Kxg6 Kxg2 59. Kf5
Kxh3 60. Ke4 Kg2 0-1

[Event "Titled Tue 20th May Early"]
[Site "chess.com INT"]
[Date "2025.05.20"]
[Round "11"]
[White "Dambaev, Dashi"]
[Black "Hehir, Michael"]
[Result "1-0"]
[WhiteTitle "CM"]
[WhiteElo "2211"]
[BlackElo "2009"]
[WhiteFideId "55628494"]
[BlackFideId "2047411"]
[EventDate "2025.05.20"]

1. e4 c5 2. Nf3 g6 3. d4 cxd4 4. Qxd4 Nf6 5. Nc3 Nc6 6. Qa4 Bg7 7. e5 Ng8 8. Bf4
g5 9. Bg3 Qb6 10. O-O-O h6 11. Nd5 Qd8 12. e6 fxe6 13. Nc7+ Kf7 14. Nxa8 Nf6 15.
Nc7 d6 16. Nb5 Qb6 17. Bc4 a6 18. Nbd4 Nd5 19. c3 Qc5 20. Nb3 Qa7 21. Bxd5 exd5
22. Rxd5 Be6 23. Rdd1 Rc8 24. Kb1 b5 25. Qe4 b4 26. Nfd4 Bd7 27. Qd5+ e6 28.
Qxd6 bxc3 29. Nxc6 Bxc6 30. bxc3 Bd5 31. Be5 Qb7 32. Bxg7 Bxb3 33. Qb4 Qxb4 34.
cxb4 Bxd1 35. Rxd1 Kxg7 36. Rd6 Kf6 37. Rxa6 Rc4 38. a3 Rd4 39. Kc2 Re4 40. Kd3
Re1 41. Rc6 Ra1 42. Rc3 Ke5 43. Rb3 Kd5 44. b5 Rd1+ 45. Ke2 1-0

[Event "Titled Tue 20th May Early"]
[Site "chess.com INT"]
[Date "2025.05.20"]
[Round "11"]
[White "Vargas Benavides, Mauricio"]
[Black "Harriott, Tyrell"]
[Result "1-0"]
[WhiteTitle "FM"]
[WhiteElo "1935"]
[BlackElo "1924"]
[WhiteFideId "4404572"]
[BlackFideId "2086484"]
[EventDate "2025.05.20"]

1. e4 d6 2. Nf3 Nf6 3. Nc3 e5 4. d4 Nbd7 5. h3 Be7 6. g4 h6 7. Bg2 c6 8. O-O Qc7
9. Be3 Nf8 10. Nd2 Ng6 11. Qf3 O-O 12. Qg3 Nh7 13. Nf3 Bf6 14. Rad1 Qe7 15. d5
c5 16. Nd2 Bh4 17. Qh2 Ng5 18. Nc4 Bd7 19. a4 b6 20. b3 Rfb8 21. f4 exf4 22.
Bxf4 Nxf4 23. Qxf4 b5 24. axb5 Bxb5 25. Nxb5 Rxb5 26. Nxd6 Rb4 27. Nf5 Nxh3+ 28.
Bxh3 Qd8 29. Qf3 Bf6 30. Ne3 Qe7 31. e5 Qxe5 32. d6 Rf8 33. Nd5 Rd4 34. Nxf6+
gxf6 35. Rxd4 Qxd4+ 36. Qf2 Qxd6 37. Qxf6 Qg3+ 38. Bg2 Qxg4 39. Qxh6 Re8 40. Rf3
Re2 41. Qh3 Qxh3 42. Rxh3 Rxc2 43. Bd5 Kg7 44. Bc4 f6 45. Rg3+ Kh6 46. Rg8 f5
47. Rf8 Kg5 48. Rf7 f4 49. Rxa7 Kg4 50. Rd7 Kg3 51. Rg7+ Kf3 52. Bd5+ Ke3 53.
Rg2 Rc1+ 54. Kh2 f3 55. Rg3 1-0

[Event "Titled Tue 20th May Early"]
[Site "chess.com INT"]
[Date "2025.05.20"]
[Round "11"]
[White "Korchynskyi, Mykola"]
[Black "Pham, Le Thao Nguyen"]
[Result "1-0"]
[WhiteTitle "FM"]
[BlackTitle "IM"]
[WhiteElo "2325"]
[BlackElo "2388"]
[WhiteFideId "34138005"]
[BlackFideId "12401226"]
[EventDate "2025.05.20"]

1. d4 d5 2. c4 c6 3. Nc3 Nf6 4. Nf3 a6 5. cxd5 cxd5 6. Bf4 Nc6 7. e3 Bg4 8. Qb3
Na5 9. Qc2 Bxf3 10. gxf3 e6 11. Qa4+ Nc6 12. Rc1 Nd7 13. Bd3 Rc8 14. Rg1 g6 15.
Kf1 Be7 16. Kg2 O-O 17. Kh1 Qa5 18. Qb3 Qb6 19. Qd1 Qxb2 20. Na4 Qa3 21. Rc3
Qxa2 22. Bb1 Qa1 23. Bh6 Rfe8 24. Rc1 Qa3 25. Bc2 Nb4 26. Ra1 Qxa4 27. Bxa4 b5
28. Bb3 Nb6 29. Qd2 Nc4 30. Bxc4 dxc4 31. Rgc1 Ra8 32. Bg5 Bf8 33. Bf6 Rec8 34.
e4 a5 35. Rcb1 c3 36. Qc1 Nd3 37. Qe3 Nb2 38. d5 exd5 39. Bxc3 Nc4 40. Qd4 f6
41. Qxf6 dxe4 42. Qe6# 1-0

[Event "Titled Tue 20th May Early"]
[Site "chess.com INT"]
[Date "2025.05.20"]
[Round "11"]
[White "Kosteniuk, Alexandra"]
[Black "Pribelszky, Bence"]
[Result "1-0"]
[WhiteTitle "GM"]
[BlackTitle "IM"]
[WhiteElo "2479"]
[BlackElo "2400"]
[WhiteFideId "4128125"]
[BlackFideId "769738"]
[EventDate "2025.05.20"]

1. e4 e5 2. Nf3 d6 3. d4 Nd7 4. Nc3 Ngf6 5. Rg1 h6 6. g4 exd4 7. Nxd4 Nc5 8. Qf3
Be7 9. Be3 g5 10. O-O-O Be6 11. Nxe6 Nxe6 12. e5 Nd7 13. exd6 Bxd6 14. Qxb7 Rb8
15. Qe4 O-O 16. Bd3 Nf6 17. Qf5 Ng7 18. Qf3 Qe7 19. Rge1 Ne6 20. Qf5 Rxb2 21.
Nd5 Rb1+ 22. Kxb1 Rb8+ 23. Kc1 Ba3+ 24. Kd2 Bb4+ 25. c3 Bxc3+ 26. Nxc3 Rb2+ 27.
Bc2 Qd6+ 28. Ke2 Rxc2+ 29. Qxc2 Qxh2 30. Qf5 Kg7 31. Nd5 Nd7 32. Nxc7 Qxc7 33.
Rxd7 Qxd7 34. Rd1 Qa4 35. Qe5+ Kg6 36. Qf5+ Kg7 37. Qe5+ Kg6 38. f3 Qxa2+ 39.
Rd2 Qc4+ 40. Kf2 Qc1 41. Qe4+ Kg7 42. Bd4+ Nxd4 43. Qxd4+ Kh7 44. Qd3+ Kg7 45.
Rc2 Qh1 46. Qd4+ Kh7 47. Qe5 1-0

[Event "Titled Tue 20th May Early"]
[Site "chess.com INT"]
[Date "2025.05.20"]
[Round "11"]
[White "Xiong, Jeffery"]
[Black "Piorun, Kacper"]
[Result "1-0"]
[WhiteTitle "GM"]
[BlackTitle "GM"]
[WhiteElo "2636"]
[BlackElo "2577"]
[WhiteFideId "2047640"]
[BlackFideId "1130420"]
[EventDate "2025.05.20"]

1. d4 Nf6 2. c4 e6 3. Nc3 Bb4 4. Nf3 b6 5. Qb3 a5 6. a3 a4 7. Qc2 Bxc3+ 8. Qxc3
Bb7 9. g3 O-O 10. Bg2 d6 11. O-O Nbd7 12. Rd1 Qe7 13. Bg5 h6 14. Bxf6 Nxf6 15.
Rac1 Rfd8 16. Qb4 c5 17. Qe1 Qc7 18. Nh4 Bxg2 19. Nxg2 Qb7 20. Ne3 Ne4 21. d5 e5
22. f3 Nf6 23. Nf5 e4 24. Qc3 Qd7 25. fxe4 Re8 26. Rf1 Re5 27. Nxh6+ Kf8 28. Rf4
Nxe4 29. Nxf7 Nxc3 30. Nxe5+ Ke8 31. Nxd7 Nxe2+ 32. Kf1 Nxf4 33. Nxb6 Ra6 34.
Nxa4 Nd3 35. Rc3 Rxa4 36. Rxd3 Rxc4 37. Rd2 Kd7 38. h4 Re4 39. Kf2 Re5 40. g4
Re4 41. Kf3 Rc4 42. h5 Rc1 43. Kf4 Rf1+ 44. Kg5 Rf6 45. Re2 c4 46. Re4 Rf2 47.
Rxc4 Rxb2 48. Kg6 1-0

[Event "Titled Tue 20th May Early"]
[Site "chess.com INT"]
[Date "2025.05.20"]
[Round "11"]
[White "Khandhadia, Nivaan Rathin"]
[Black "Montano Vicente, Guadalupe"]
[Result "0-1"]
[WhiteElo "2112"]
[BlackElo "1940"]
[WhiteFideId "25753274"]
[BlackFideId "5181399"]
[EventDate "2025.05.20"]

1. d4 Nf6 2. c4 b6 3. Nc3 Bb7 4. Nf3 e6 5. e3 Bb4 6. Bd3 Ne4 7. Qc2 Bxc3+ 8.
bxc3 f5 9. O-O d6 10. Ba3 Nd7 11. Nd2 Qh4 12. g3 Ng5 13. f3 Qh6 14. e4 fxe4 15.
Nxe4 O-O-O 16. Nxg5 Qxg5 17. Rae1 Rde8 18. Be4 Nf6 19. Bxb7+ Kxb7 20. Bc1 Qh5
21. Qd3 Qf5 22. Qxf5 exf5 23. Bg5 Nd7 24. a4 Kc6 25. Kf2 d5 26. cxd5+ Kxd5 27.
Re3 Rxe3 28. Bxe3 Kc4 29. Bd2 Re8 30. Re1 Rxe1 31. Bxe1 Nf6 32. Ke2 Nd5 33. Kd2
a6 34. Kc2 c6 35. g4 fxg4 36. fxg4 Ne3+ 37. Kd2 Nxg4 38. Bg3 g6 39. Bc7 b5 40.
axb5 axb5 41. Ba5 Nf6 42. Ke3 Nd5+ 43. Kd2 b4 44. cxb4 Kxd4 45. Bd8 Kc4 46. Bg5
Kxb4 47. h4 Kb3 0-1